01431nam a2200265 a 450000100100000000500170001000800410002704000250006808200240009310000380011724502260015525000110038126000750039230000210046750000330048850000420052150400550056365100320061865100720065070000410072295201280076395201340089195201230102599900170114800002516620200930023612.0110210s1969 pr r 000 0 spa d aDO-SdBNPbspacBNPHU a972.95bB825c, 19691 aBrau, Salvador,d1837-191295162713aLa colonización de Puerto Rico :bdesde el descubrimiento de la isla hasta la reversión a la corona española de los privilegios de Colón /cSalvador Brau ; cuarta edición anotada por Isabel Gutierrez del Arroyo. a4a ed. aSan Juan, Puerto Rico :bInstituto de Cultura Puertorriqueña,c1969. a639 p. ;c19 cm. aIncluye índice toponimico. aIncluye notas al pie de las páginas aIncluye referencias bibliográficas: [573]-576 p. 4aPuerto RicoxHistoria91079 4aPuerto RicoxHistoriayDESCUBRIMIENTO Y CONQUISTA, 1493-15269317771 aGutierrez del Arroyo, Isabel.916244 001054708MOaGRbGRcCTd2011-02-10iLF1l0o972.95 B825c, 1969p25166-10r2020-06-25w2020-06-25y4ZPréstamo en sala 001054728MOaGRbGRcCTd2011-02-22iLF1l0o972.95 B825c, 1969p25166-20r2020-06-25te. 2w2020-06-25y4ZPréstamo en sala 0010507-18MOaPDbPDcOId2017-06-05iLF1l0o972.95 B825c, 1969p25166-30r2020-06-25w2020-06-25y1ZNo se presta c24659d24659